000 00546nam a2200193Ia 4500
008 151121s9999||||xx |||||||||||||| ||und||
082 _a813/कदम
082 _bHNW-115096
100 _aकदम बाबा
245 _aमॅडम
260 _b"दिलीपराज प्रकाशन प्रा। लि।, पुणे।"
260 _c2009
300 _a424
600 _aकदम बाबा
630 _aमॅडम
700 _aकदम बाबा
730 _aमॅडम
942 _cBOOK
999 _c1263860
_d1263857